000 01487nam0a2200325 4500
001 RU\NLR\BIBL_A\011594891
005 20240726222237.0
010 _a9785432901392
_91000
021 _aRU
_b2017-95639
_96872
035 _a(RuMoRGB)009485597
035 _a(NLR Aleph) 011594891
090 _a10856204
_c10856204
100 _a20180115d2018 u y0rusy50 ca
101 0 _arus
102 _aRU
105 _aac||z|||000zy
200 1 _aПо ту сторону реки
_eкнига лирических зарисовок и жизненных настроений, разных стихотворений и дорожных фотографий
_fВладимир Ноговицын
210 _aМосква
_cСказочная дорога
_d2018 [т.е. 2017]
215 _a206, [1] с.
_cил., портр.
_d22
300 _aКн. фактически изд. в 2017 г.
320 _aДр. произведения авт. на обороте тит. л.
327 0 _aСодерж.: Пижма; Токи земли; Осеннее; Жизнь; Взгляд; Приход весны; Снег; Праздники; Не идёт - бежит!; Главные даты [и др.]
686 _aШ5(2=Р)64-6я44
_2rubbk
686 2 _aШ6(2=Р)8я44
700 1 _aНоговицын
_bВ. В.
_f1962-
_gВладимир Валерьевич
942 _cBOOK
980 _aNBR